Detalles MARC
| 000 -CABECERA |
| campo de control de longitud fija |
01051cam a2200265 a 4500 |
| 001 - NÚMERO DE CONTROL |
| campo de control |
000019673 |
| 005 - FECHA Y HORA DE LA ÚLTIMA TRANSACCIÓN |
| campo de control |
20200929170110.0 |
| 008 - DATOS DE LONGITUD FIJA--INFORMACIÓN GENERAL |
| campo de control de longitud fija |
840830s1969 sp ab 000 0 spa d |
| 040 ## - FUENTE DE LA CATALOGACIÓN |
| Centro catalogador/agencia de origen |
DO-SdBNP |
| Centro/agencia transcriptor |
CarP |
| Centro/agencia modificador |
DLC |
| -- |
BNPHU |
| 043 ## - CÓDIGO DE ÁREA GEOGRÁFICA |
| Código de área geográfica |
e-sp--- |
| 050 00 - SIGNATURA TOPOGRÁFICA DE LA BIBLIOTECA DEL CONGRESO |
| Número de clasificación |
HD1697.S74 |
| Número de documento/Ítem |
T34 |
| 082 ## - NÚMERO DE LA CLASIFICACIÓN DECIMAL DEWEY |
| Número de clasificación |
nnn |
| Número de documento/Ítem |
L864t |
| 049 ## - FONDOS LOCALES (OCLC) |
| Fondos de biblioteca |
BNGR |
| 100 1# - ENTRADA PRINCIPAL--NOMBRE DE PERSONA |
| Nombre de persona |
López Palomero, Félix V., |
| Fechas asociadas al nombre |
1935- |
| 9 (RLIN) |
42127 |
| 245 13 - MENCIÓN DE TÍTULO |
| Título |
El trasvase Tajo-Segura / |
| Mención de responsabilidad, etc. |
Félix V. López Palomero. |
| 260 ## - PUBLICACIÓN, DISTRIBUCIÓN, ETC. |
| Lugar de publicación, distribución, etc. |
Madrid : |
| Nombre del editor, distribuidor, etc. |
Guadiana de Publicaciones, |
| Fecha de publicación, distribución, etc. |
1969. |
| 300 ## - DESCRIPCIÓN FÍSICA |
| Extensión |
164 p. : |
| Otras características físicas |
il., mapas ; |
| Dimensiones |
18 cm. |
| 490 1# - MENCIÓN DE SERIE |
| Mención de serie |
Biblioteca universitaria de economía |
| Designación de volumen o secuencia |
11 |
| 650 #0 - PUNTO DE ACCESO ADICIONAL DE MATERIA--TÉRMINO DE MATERIA |
| Término de materia o nombre geográfico como elemento de entrada |
Water resources development |
| Subdivisión geográfica |
Tagus River Watershed (Spain And Portugal{Rpara} |
| 9 (RLIN) |
42128 |
| 650 #0 - PUNTO DE ACCESO ADICIONAL DE MATERIA--TÉRMINO DE MATERIA |
| Término de materia o nombre geográfico como elemento de entrada |
Water resources development |
| Subdivisión geográfica |
Spain |
| -- |
Segura River Watershed. |
| 9 (RLIN) |
42129 |
| 650 #0 - PUNTO DE ACCESO ADICIONAL DE MATERIA--TÉRMINO DE MATERIA |
| Término de materia o nombre geográfico como elemento de entrada |
Irrigation |
| Subdivisión geográfica |
Spain |
| -- |
Tagus River Watershed (Spain And Portugal{Rpara} |
| 9 (RLIN) |
42130 |
| 650 #0 - PUNTO DE ACCESO ADICIONAL DE MATERIA--TÉRMINO DE MATERIA |
| Término de materia o nombre geográfico como elemento de entrada |
Irrigation |
| Subdivisión geográfica |
Spain |
| -- |
Segura River Watershed. |
| 9 (RLIN) |
42131 |
| 830 #0 - PUNTO DE ACCESO ADICIONAL DE SERIE-TÍTULO UNIFORME |
| Título uniforme |
Biblioteca universitaria de economía ; |
| Designación de volumen o secuencia |
11 |
| 9 (RLIN) |
30922 |
| 910 ## - DATOS DE OPCIÓN DEL USUARIO (OCLC) |
| Datos de opción del usuario |
Catalogación derivada / LC |